| 000 | 01115nam a2200289 4500 | ||
|---|---|---|---|
| 001 | 177435 | ||
| 003 | ES-MaACL | ||
| 005 | 20250828063301.0 | ||
| 008 | 110322s2009 sp acop |||| |bspa d | ||
| 017 | _aS-672-2009 | ||
| 020 | _a978-84-7812-724-5 | ||
| 080 | _a74 Santa Cruz, Francisco (083.824) | ||
| 080 | _a75 Santa Cruz, Francisco (083.824) | ||
| 100 | 1 |
_aSanta Cruz, Francisco, _d1899-1957 _9157022 |
|
| 245 | 1 | 0 |
_aFrancisco Santa Cruz (1899-1957) _b: la vanguardia oculta : mayo-octubre 2009 : [Museo de Arte Contemporáneo de Madrid]. |
| 246 | 3 | 4 | _aSanta Cruz |
| 260 |
_aMadrid : _bAyuntamiento de Madrid, _c[2009] |
||
| 300 |
_a157 p. : _bil. col. y n., fot. ; _c24 cm. |
||
| 500 | _aCronología. | ||
| 600 | 1 | 7 |
_aSanta Cruz, Francisco, _d1899-1857- _vExposiciones _2 _9145811 |
| 655 | 7 |
_2tgfbne _9193628 _aCatálogos de exposiciones |
|
| 710 | 2 |
_aMuseo de Arte Contemporáneo (Madrid) _95891 |
|
| 852 |
_aES-MaACL _9 184254 _bR.145518 _jA-11065 _dOlim:N-4070 _cDEPO1 _xDonación: Editorial |
||
| 942 |
_2udc _cMONOGRAFIA |
||
| 999 |
_c177435 _d177435 |
||